| 000 -ლიდერი |
| ფიქსირებული სიგრძის საკონტროლო ველი |
01797nam a2200313Ia 4500 |
| 001 - საკონტროლო ნომერი |
| საკონტროლო ველი |
5973 |
| 003 - საკონტროლო ნომრის იდენტიფიკატორი |
| საკონტროლო ველი |
GE_BSU |
| 005 - ბოლო ოპერაციის თარიღი და დრო |
| საკონტროლო ველი |
20191031104248.0 |
| 008 - ფიქსირებული სიგრძის მონაცემთა ელემენტები - ზოგადი ინფორმაცია |
| ფიქსირებული სიგრძის საკონტროლო ველი |
181216s2012||||ge |||||||||||||| ||geo|| |
| 020 ## - წიგნის საერთაშორისო სტანდარტული ნომერი |
| International Standard Book Number |
9789941928468 |
| 040 ## - კატალოგიზაციის წყარო |
| Transcribing agency |
GE_BSU |
| 041 ## - ენის კოდი |
| Language code of text/sound track or separate title |
geo |
| 080 ## - უნივერსალური ათობითი კლასიფიკაციის ინდექსი |
| Universal Decimal Classification number |
09(479.22) ტ-22 |
| 245 ## - ცნობა სათაურის შესახებ |
| Title |
ტაო-კლარჯეთი : |
| Remainder of title |
ხელნაწერი მემკვიდრეობა. კატალოგი / |
| Statement of responsibility, etc |
შემდგ.: ვლადიმერ კეკელია, ნიკოლოზ ჟღენტი, დალი ჩიტუნაშვილი, თემო ჯოჯუა ; რედ. ბუბა კუდავა ; ფოტ. დიმიტრი გურგენიძე და სხვ. |
| 264 ## - წარმოების, გამოცემის, დისტრიბუციის და სხვა ცნობები |
| გამოცემის, წარმოების, დისტრიბუციის... ადგილი |
თბილისი - ბათუმი , |
| გამოცემის, წარმოების, დისტრიბუციის... თარიღი |
2012. |
| 300 ## - ფიზიკური აღწერა |
| Extent |
84 გვ. : |
| Other physical details |
ილ. ; |
| Dimensions |
20 სმ. |
| 653 ## - INDEX TERM--UNCONTROLLED |
| Uncontrolled term |
ტაო-კლარჯეთი |
| 653 ## - INDEX TERM--UNCONTROLLED |
| Uncontrolled term |
ქართული ხელნაწერები |
| 700 ## - ADDED ENTRY--PERSONAL NAME |
| Personal name |
კეკელია, ვლადიმერ |
| Relator term |
შემდგენელი |
| 9 (RLIN) |
5146 |
| 700 ## - ADDED ENTRY--PERSONAL NAME |
| Personal name |
ჟღენტი, ნიკოლოზ |
| Relator term |
შემდგენელი |
| 9 (RLIN) |
5152 |
| 700 ## - ADDED ENTRY--PERSONAL NAME |
| Personal name |
ჩიტუნაშვილი, დალი |
| Relator term |
შემდგენელი |
| 9 (RLIN) |
5130 |
| 700 ## - ADDED ENTRY--PERSONAL NAME |
| Personal name |
ჯოჯუა, თემო |
| Relator term |
შემდგენელი |
| 9 (RLIN) |
5153 |
| 700 ## - ADDED ENTRY--PERSONAL NAME |
| Personal name |
კუდავა, ბუბა |
| Relator term |
რედაქტორი |
| 9 (RLIN) |
3540 |
| 700 ## - ADDED ENTRY--PERSONAL NAME |
| Personal name |
გურგენიძე, დიმიტრი |
| Relator term |
ფოტო |
| 9 (RLIN) |
5154 |
| 700 ## - ADDED ENTRY--PERSONAL NAME |
| Personal name |
კეკელია, ვლადიმერ |
| Relator term |
ფოტო |
| 9 (RLIN) |
5146 |
| 700 ## - ADDED ENTRY--PERSONAL NAME |
| Personal name |
კილაძე, მირიან |
| 9 (RLIN) |
5140 |
| 710 ## - ADDED ENTRY--CORPORATE NAME |
| Corporate name or jurisdiction name as entry element |
ხელნაწერთა ეროვნ. ცენტრი |
| 9 (RLIN) |
5131 |
| 942 ## - ADDED ENTRY ELEMENTS (KOHA) |
| Koha item type |
წიგნი |
| Source of classification or shelving scheme |
|